Clickable Captains Quiz Stats

 Plays Quiz Updated Jan 7, 2019

Support Sporcle.
Go Orange.
Score 0/28 Timer 05:00
0 Plays Today
% Correct
Ark
94.8%
USS Enterprise
90.2%
Black Pearl
89.4%
Santa María
89%
Millennium Falcon
86.5%
Apollo 11
85.7%
Spirit of St. Louis
76.7%
Jolly Roger
74.5%
Argo
73.9%
Nautilus
70.8%
Vostok 1
68.8%
S.S. Minnow
66.8%
Apollo 13
64.4%
US Airways Flight 1549
60.2%
% Correct
Spruce Goose
59%
TARDIS
58.2%
Costa Concordia
54.9%
HMS Bounty
54.6%
Dawn Treader
54.6%
Pequod
50.4%
HMS Victory
48%
RMS Titanic
46%
Kon-Tiki
45.4%
Red October
36.6%
African Queen
35.2%
Endurance
32.3%
USS Caine
21.7%
HMS Surprise
20.9%

From the Vault

Bad Dad Jokes!

by finetuner

Dad Jokes. They're nothing to laugh about.
Remove Ads.
Support Sporcle.
Get the best of Sporcle when you Go Orange. This ad-free experience offers more features, more stats, and more fun while also helping to support Sporcle. Thank you for becoming a member.

Show Comments

Extras

Top Quizzes Today


Score Distribution

Your Account Isn't Verified!

In order to create a playlist on Sporcle, you need to verify the email address you used during registration. Go to your Sporcle Settings to finish the process.

Report this User

Report this user for behavior that violates our Community Guidelines.

Details: